00401nam a22001457a 450000500170000000800410001702200130005804100130007108200130008410000130009724500430011026000450015330000310019865000260022920240304085926.0240304b |||||||| |||| 00| 0 eng d a10233806 aEnglish  a349 BUT  lEnglish  aButterworths Law Reports : Labour Law  aDurban : bLexisNexis (Pty) Ltd, c2013  bxxii, 118 pages ; c25 cm. aLegal practice bLaw